[Event "ch-RUS Blitz 2017"]
[Site "Sochi RUS"]
[Date "2017.10.02"]
[Round "16.11"]
[White "Potkin, Vladimir"]
[Black "Timofeev, Artyom"]
[Result "1/2-1/2"]
[WhiteTitle "GM"]
[BlackTitle "GM"]
[WhiteElo "2574"]
[BlackElo "2549"]
[WhiteFideId "4131061"]
[BlackFideId "4140419"]
[EventDate "2017.10.02"]
[EventType "blitz"]

1. c4 e6 2. Nc3 d5 3. d4 a6 4. cxd5 exd5 5. Nf3 Nf6 6. Qb3 Nc6 7. Bg5 Be6 8. e3
Na5 9. Qc2 Be7 10. Bd3 h6 11. Bh4 O-O 12. O-O Rc8 13. Rad1 Nc4 14. Ne5 Nd6 15.
f4 c5 16. f5 cxd4 17. fxe6 dxc3 18. exf7+ Nxf7 19. Nxf7 Rxf7 20. Bf5 Rc6 21.
bxc3 Qb6 22. Kh1 Qxe3 23. Rfe1 Qxc3 24. Qxc3 Rxc3 25. Be6 Rc2 26. Bxf6 Bxf6 27.
Rxd5 Kf8 28. Bxf7 Kxf7 29. Rd7+ Kg6 30. Rxb7 Rxa2 31. g3 a5 32. Ra7 a4 33. Re4
a3 34. Rea4 Bb2 35. R4a5 Ra1+ 36. Kg2 Rd1 37. R7a6+ Kh7 38. Rxa3 Bxa3 39. Rxa3
Rd7 1/2-1/2

[Event "ch-RUS Blitz 2017"]
[Site "Sochi RUS"]
[Date "2017.10.02"]
[Round "16.12"]
[White "Usmanov, Vasily"]
[Black "Alekseenko, Kirill"]
[Result "1-0"]
[WhiteTitle "IM"]
[BlackTitle "GM"]
[WhiteElo "2459"]
[BlackElo "2563"]
[WhiteFideId "4135741"]
[BlackFideId "4135539"]
[EventDate "2017.10.02"]
[EventType "blitz"]

1. Nf3 d5 2. c4 dxc4 3. Qa4+ c6 4. Qxc4 Bf5 5. g3 e6 6. Bg2 Nf6 7. O-O Be7 8. d4
O-O 9. e3 Nbd7 10. Rd1 h6 11. Qe2 Qc7 12. Nc3 Ne4 13. Ne1 Ndf6 14. Nxe4 Bxe4 15.
f3 Bg6 16. e4 e5 17. dxe5 Qxe5 18. Nd3 Qa5 19. Bd2 Qa4 20. Bc3 Rad8 21. Bf1 Rfe8
22. Ne5 Kh7 23. b3 Qa3 24. Kg2 Bh5 25. g4 Bg6 26. h4 h5 27. g5 Ng8 28. Qb2 Qxb2+
29. Bxb2 Bd6 30. Nc4 Bf4 31. Na5 f6 32. gxf6 Nxf6 33. Nxb7 Rxd1 34. Rxd1 Kh6 35.
Bc4 Bh7 36. Nd6 Rb8 37. Nf7+ Kg6 38. Ne5+ Kh6 39. Nf7+ Kg6 40. Be5 Bxe5 41.
Nxe5+ Kh6 42. Nf7+ Kg6 43. Ne5+ Kh6 44. Nxc6 Re8 45. Rd6 Rf8 46. Ne5 Bg6 47.
Nxg6 Kxg6 48. e5 1-0

[Event "ch-RUS Blitz 2017"]
[Site "Sochi RUS"]
[Date "2017.10.02"]
[Round "16.13"]
[White "Sharafiev, Azat"]
[Black "Popov, Ivan RUS"]
[Result "0-1"]
[WhiteTitle "IM"]
[BlackTitle "GM"]
[WhiteElo "2433"]
[BlackElo "2599"]
[WhiteFideId "4186214"]
[BlackFideId "4170350"]
[EventDate "2017.10.02"]
[EventType "blitz"]

1. Nf3 Nf6 2. g3 d5 3. Bg2 e6 4. O-O Be7 5. d4 O-O 6. c4 dxc4 7. Qc2 a6 8. a4 c5
9. dxc5 Bxc5 10. Qxc4 b6 11. Ne5 Ra7 12. Nc3 Bb7 13. Bxb7 Rxb7 14. Rd1 Qc7 15.
Qf4 Bd6 16. Rxd6 Qxd6 17. Qf3 Nd5 18. Bf4 Nxc3 19. Qxb7 Nxe2+ 20. Kf1 Nxf4 21.
gxf4 f6 22. Nf3 Nd7 23. Qxa6 Qxf4 24. Qd3 Nc5 25. Qe2 e5 26. a5 bxa5 27. Rxa5
Rc8 28. h3 Nb3 29. Ra7 Qxf3 30. Qxf3 Nd2+ 31. Ke2 Nxf3 32. Kxf3 Rb8 33. Ra2 Kf7
34. Ke4 g5 35. Kd5 h5 36. Kc5 Rb3 37. Kc4 Rxh3 38. b4 Rh1 39. Rb2 Ke6 40. b5
Rc1+ 41. Kd3 Kd7 42. b6 Kc8 43. b7+ Kb8 44. Rb6 f5 45. Rb5 h4 46. Rxe5 h3 47.
Re8+ Kxb7 48. Rh8 g4 49. Kd4 Rf1 50. Ke3 Kc6 51. Ke2 Ra1 52. f3 g3 53. Rxh3 g2 0-1

[Event "ch-RUS Blitz 2017"]
[Site "Sochi RUS"]
[Date "2017.10.02"]
[Round "16.14"]
[White "Moskalenko, Alexander"]
[Black "Potapov, Pavel"]
[Result "1-0"]
[WhiteTitle "IM"]
[BlackTitle "GM"]
[WhiteElo "2531"]
[BlackElo "2479"]
[WhiteFideId "4155351"]
[BlackFideId "4169786"]
[EventDate "2017.10.02"]
[EventType "blitz"]

1. d4 f5 2. c4 Nf6 3. Nc3 d6 4. Bg5 Nbd7 5. Qc2 g6 6. h4 Bg7 7. Nh3 e5 8. dxe5
dxe5 9. h5 c6 10. O-O-O Qc7 11. h6 Bf8 12. e4 f4 13. g3 fxg3 14. f4 Be7 15. Rg1
Nh5 16. Bxe7 Kxe7 17. f5 Ndf6 18. c5 gxf5 19. exf5 Rd8 20. Be2 Rxd1+ 21. Qxd1
Bxf5 22. Bxh5 Bxh3 23. Rxg3 Qc8 24. Qd6# 1-0

[Event "ch-RUS Blitz 2017"]
[Site "Sochi RUS"]
[Date "2017.10.02"]
[Round "16.15"]
[White "Levin, Evgeny A."]
[Black "Korchmar, Vasiliy"]
[Result "1-0"]
[WhiteTitle "GM"]
[BlackTitle "IM"]
[WhiteElo "2532"]
[BlackElo "2399"]
[WhiteFideId "4182596"]
[BlackFideId "24131750"]
[EventDate "2017.10.02"]
[EventType "blitz"]

1. d4 Nf6 2. Nf3 d5 3. Bg5 c5 4. c3 Nc6 5. e3 Qb6 6. Qb3 c4 7. Qc2 Bf5 8. Qc1
Ne4 9. Bf4 h6 10. Nbd2 e6 11. Nxe4 Bxe4 12. Nd2 Bg6 13. Be2 Be7 14. O-O O-O 15.
Re1 Rfc8 16. Bf1 Qd8 17. e4 b5 18. exd5 exd5 19. a3 a5 20. Nf3 b4 21. axb4 axb4
22. Rxa8 Rxa8 23. Qe3 Ra2 24. Qc1 Qa5 25. h4 bxc3 26. bxc3 Rc2 27. Qb1 Rxc3 28.
Qb7 Rxf3 29. Rxe7 Nxe7 30. gxf3 Nf5 31. h5 Nxd4 32. Qc8+ Kh7 33. hxg6+ fxg6 34.
Kg2 Qa3 35. Be3 Nf5 36. Qe6 d4 37. Bxc4 Qf8 38. Bf4 Nh4+ 39. Kg3 Nf5+ 40. Kh3
Qa8 41. Bd5 Qf8 42. Be5 Qd8 43. Kg2 Qg5+ 44. Bg3 Qd8 45. Be4 Qg5 46. Bxf5 gxf5
47. f4 Qg4 48. Qd5 h5 49. f3 Qg6 50. Kh2 Qf6 51. Kh3 d3 52. Qxd3 Qe6 53. Kg2
Qa2+ 54. Bf2 Qe6 55. Qe3 Qg6+ 56. Kh2 Qf6 57. Qe5 Qf7 58. Bd4 Qg6 59. Qe7 Qh6
60. Qg5 Qe6 61. Qxg7# 1-0

[Event "ch-RUS Blitz 2017"]
[Site "Sochi RUS"]
[Date "2017.10.02"]
[Round "16.16"]
[White "Moiseenko, Vadim"]
[Black "Iljiushenok, Ilia"]
[Result "0-1"]
[WhiteTitle "IM"]
[BlackTitle "IM"]
[WhiteElo "2558"]
[BlackElo "2519"]
[WhiteFideId "4123700"]
[BlackFideId "24105074"]
[EventDate "2017.10.02"]
[EventType "blitz"]

1. e4 c5 2. Nf3 e6 3. c4 Nc6 4. Be2 Nf6 5. Nc3 Qc7 6. O-O a6 7. d4 cxd4 8. Nxd4
Bb4 9. Bg5 Bxc3 10. Bxf6 gxf6 11. bxc3 b6 12. Rb1 Rg8 13. f4 Bb7 14. Bd3 Ne7 15.
Qb3 Nc8 16. Rf2 Rb8 17. Re1 Qc5 18. Qd1 Nd6 19. Nb3 Qc7 20. Qh5 Nxc4 21. Qxh7
Ke7 22. e5 f5 23. Qh4+ Ke8 24. Nd4 Bd5 25. Bxf5 exf5 26. Nxf5 Qc5 27. Nd6+ Nxd6
28. exd6+ Kf8 29. Qe7+ Kg7 30. Re3 Be6 31. Rg3+ Kh6 32. f5 Rxg3 33. hxg3 Bxf5
34. Qf6+ Bg6 0-1

[Event "ch-RUS Blitz 2017"]
[Site "Sochi RUS"]
[Date "2017.10.02"]
[Round "16.17"]
[White "Tomashevsky, Evgeny"]
[Black "Zakaryan, David"]
[Result "1-0"]
[WhiteTitle "GM"]
[BlackTitle "FM"]
[WhiteElo "2710"]
[BlackElo "2293"]
[WhiteFideId "4147235"]
[BlackFideId "24101923"]
[EventDate "2017.10.02"]
[EventType "blitz"]

1. c4 Nf6 2. Nc3 d5 3. cxd5 Nxd5 4. g3 g6 5. Bg2 Nb6 6. d3 Bg7 7. Be3 O-O 8. Qd2
Re8 9. Rc1 e5 10. Bh6 N8d7 11. Bxg7 Kxg7 12. Nf3 h6 13. O-O Nf6 14. b4 c6 15.
Qb2 Qe7 16. Nd2 Nbd5 17. b5 Bd7 18. Nxd5 cxd5 19. Rc7 Qd6 20. Rfc1 Rab8 21. R7c5
Be6 22. Nf3 Nd7 23. Rc7 d4 24. Nd2 Nb6 25. Ne4 Qf8 26. Nc5 Re7 27. Bxb7 Bg4 28.
Rxe7 Qxe7 29. Bc6 1-0

[Event "ch-RUS Blitz 2017"]
[Site "Sochi RUS"]
[Date "2017.10.02"]
[Round "16.18"]
[White "Bocharov, Dmitry"]
[Black "Nechaev, Oleg"]
[Result "1-0"]
[WhiteTitle "GM"]
[BlackTitle "FM"]
[WhiteElo "2585"]
[BlackElo "2410"]
[WhiteFideId "4138716"]
[BlackFideId "24113409"]
[EventDate "2017.10.02"]
[EventType "blitz"]

1. c4 c5 2. Nf3 g6 3. e4 Bg7 4. d4 cxd4 5. Nxd4 Nf6 6. Nc3 d6 7. Be2 O-O 8. O-O
Nc6 9. Be3 Bd7 10. Nc2 Qa5 11. Qd2 Rfc8 12. Rab1 Qd8 13. f3 Rab8 14. Rfc1 a6 15.
Kh1 h5 16. b3 Kh7 17. Nd5 Nxd5 18. exd5 Ne5 19. Nd4 e6 20. dxe6 fxe6 21. Rd1 b5
22. cxb5 axb5 23. f4 Nf7 24. Bd3 Qf6 25. Qe2 Nh6 26. Qxh5 Rc3 27. Qe2 e5 28.
fxe5 Qxe5 29. Nf3 Qe7 30. Bd4 Qxe2 31. Bxe2 Bxd4 32. Nxd4 Nf5 33. Bf3 Rbc8 34.
h3 Nxd4 35. Rxd4 Bc6 36. Bxc6 R8xc6 37. Rbd1 Rc2 38. Rxd6 Rxd6 39. Rxd6 Rxa2 40.
Rd5 Ra5 41. Kh2 Kg7 42. b4 Ra3 43. Rxb5 Rb3 44. Rb6 Kh6 45. b5 Kg5 46. Rb8 Rb2
47. b6 Rb3 48. b7 Rb2 49. h4+ Kg4 50. h5 Rb6 51. h6 g5 52. Kg1 Kg3 53. Kf1 Rb1+
54. Ke2 Rb2+ 55. Kd3 Kxg2 56. h7 1-0

[Event "ch-RUS Blitz 2017"]
[Site "Sochi RUS"]
[Date "2017.10.02"]
[Round "16.19"]
[White "Rakhmanov, Aleksandr"]
[Black "Dzhumagaliev, Yan"]
[Result "1-0"]
[WhiteTitle "GM"]
[BlackTitle "FM"]
[WhiteElo "2669"]
[BlackElo "2400"]
[WhiteFideId "4173708"]
[BlackFideId "24100110"]
[EventDate "2017.10.02"]
[EventType "blitz"]

1. d4 Nf6 2. Nf3 e6 3. Bg5 c5 4. c3 Qb6 5. Qb3 Ne4 6. Be3 d5 7. dxc5 Nxc5 8.
Bxc5 Bxc5 9. e3 Nc6 10. Nbd2 O-O 11. Be2 Rd8 12. O-O e5 13. e4 Be6 14. exd5 Bxd5
15. Bc4 Bxc4 16. Nxc4 Qxb3 17. axb3 e4 18. Ng5 Re8 19. b4 Bf8 20. Rfd1 h6 21.
Nh3 g5 22. Kf1 Kg7 23. Rd7 Re7 24. Rxe7 Bxe7 25. b5 Nd8 26. g4 Ne6 27. Ng1 Nc5
28. Ne2 Nd3 29. Ng3 Nc5 30. Ke2 Bf6 31. Nd6 Rd8 32. Ngxe4 Nxe4 33. Nxe4 Rd5 34.
Rxa7 Rxb5 35. b4 Be5 36. h3 Bb8 37. Ra8 Be5 38. Re8 Bf4 39. Re7 Kf8 40. Rd7 Ke8
41. Nf6+ Kf8 42. Rd5 Rxd5 43. Nxd5 Be5 44. Kd3 Ke8 45. Ke4 Bg7 46. c4 Kd7 47.
Ne3 Bf8 48. Nc2 Ke6 49. Nd4+ Kd7 50. c5 Bg7 51. Kd5 Bf8 52. f3 Bg7 53. b5 Bf8
54. Nf5 Kc7 55. b6+ Kd7 56. Nd4 Bg7 57. c6+ bxc6+ 58. Nxc6 Kc8 59. Ne5 Kb7 60.
Nxf7 Kxb6 61. Ke6 Kc5 62. Kf5 Kd4 63. Kg6 Bf8 64. Nxh6 Ke3 65. Kxg5 Kxf3 66. Nf5
Ba3 67. h4 Bc1+ 68. Kh5 Kf4 69. Ne7 Ke5 70. g5 Ke6 71. Ng6 Kf5 72. Ne7+ Ke6 73.
Nc6 Be3 74. Kg6 Kd6 75. Nd8 Ke7 76. Nf7 Kf8 77. h5 1-0

[Event "ch-RUS Blitz 2017"]
[Site "Sochi RUS"]
[Date "2017.10.02"]
[Round "16.20"]
[White "Sarana, Alexey"]
[Black "Gubsky, Egor"]
[Result "1-0"]
[WhiteTitle "GM"]
[BlackTitle "FM"]
[WhiteElo "2541"]
[BlackElo "2303"]
[WhiteFideId "24133795"]
[BlackFideId "4194055"]
[EventDate "2017.10.02"]
[EventType "blitz"]

1. d4 Nf6 2. Nf3 e6 3. Bf4 c5 4. e3 d5 5. c3 Bd6 6. Bg3 Qc7 7. Nbd2 Nbd7 8. Bb5
O-O 9. Bxd7 Nxd7 10. Bxd6 Qxd6 11. O-O e5 12. dxc5 Qxc5 13. e4 dxe4 14. Nxe4 Qc6
15. Re1 f6 16. Qb3+ Kh8 17. Rad1 Nc5 18. Nxc5 Qxc5 19. Nd2 Qc6 20. Ne4 Be6 21.
Qa3 Rfd8 22. Qe7 Rxd1 23. Rxd1 Bd5 24. Nd6 Kg8 25. c4 Bxc4 26. Rc1 Qd5 27. Nxc4
Rc8 28. a4 h5 29. b3 a6 30. Rf1 Qc6 31. Nd6 Rc7 32. Qe6+ Kh7 33. Qf5+ g6 34.
Qxf6 Rd7 35. Ne8 Qc8 36. Qf8 Qc6 37. Nf6+ 1-0

[Event "ch-RUS Blitz 2017"]
[Site "Sochi RUS"]
[Date "2017.10.02"]
[Round "16.21"]
[White "Rozum, Ivan"]
[Black "Nazaretyan, Tigran"]
[Result "1-0"]
[WhiteTitle "GM"]
[WhiteElo "2590"]
[BlackElo "2303"]
[WhiteFideId "24104272"]
[BlackFideId "24162345"]
[EventDate "2017.10.02"]
[EventType "blitz"]

1. Nf3 Nf6 2. b3 d6 3. d4 g6 4. Bb2 Bg7 5. g3 O-O 6. Bg2 e5 7. dxe5 Ng4 8. O-O
Nxe5 9. Nxe5 dxe5 10. Qxd8 Rxd8 11. Na3 Nc6 12. Bxc6 bxc6 13. Nc4 Ba6 14. Rfd1
Bxc4 15. bxc4 Rab8 16. Ba3 e4 17. Rab1 h5 18. Rxb8 Rxb8 19. Rd7 Be5 20. Re7 f6
21. Kg2 Rb1 22. Bc5 Ra1 23. a3 a6 24. Re6 Ra2 25. Rxc6 Rxc2 26. Rxa6 Rxc4 27.
Be3 Rc2 28. Kf1 Kf7 29. a4 c5 30. a5 c4 31. Rc6 c3 32. a6 Ra2 33. a7 c2 34. Rc8
Ra1+ 35. Kg2 Ra6 36. a8=Q 1-0

[Event "ch-RUS Blitz 2017"]
[Site "Sochi RUS"]
[Date "2017.10.02"]
[Round "16.22"]
[White "Alexeev, Alexey"]
[Black "Novikov, Maxim"]
[Result "0-1"]
[WhiteTitle "IM"]
[BlackTitle "GM"]
[WhiteElo "2299"]
[BlackElo "2501"]
[WhiteFideId "14106663"]
[BlackFideId "4161289"]
[EventDate "2017.10.02"]
[EventType "blitz"]

1. e4 d6 2. d4 Nf6 3. Nc3 e5 4. dxe5 dxe5 5. Qxd8+ Kxd8 6. Bg5 c6 7. O-O-O+ Ke8
8. Nf3 Nbd7 9. Bh4 Bc5 10. a3 Bb6 11. Bc4 Bc7 12. Rhe1 Nf8 13. Bxf6 gxf6 14. Nh4
Be6 15. Bd3 Rg8 16. g3 Bb6 17. Rd2 Rd8 18. Nf5 Ng6 19. Nd1 Ne7 20. Nde3 Bxe3 21.
Nxe3 Nc8 22. Bc4 Rxd2 23. Kxd2 Nd6 24. Bd3 Ke7 25. c3 b6 26. b4 Rc8 27. a4 c5
28. Nd5+ Bxd5 29. exd5 cxb4 30. cxb4 Nc4+ 31. Ke2 Nb2 32. Bxh7 Rh8 33. Bf5 Rxh2
34. a5 Kd6 35. Be4 b5 36. Rc1 Nc4 37. Rc3 Rh5 38. Rf3 Ke7 39. Kd3 Rh1 40. d6+
Nxd6 41. Ba8 Rb1 42. Kc3 Rc1+ 43. Kb3 Rd1 44. Rc3 Nc4 45. Bc6 a6 46. Bb7 Rd2 47.
Bxa6 Rb2# 0-1

[Event "ch-RUS Blitz 2017"]
[Site "Sochi RUS"]
[Date "2017.10.02"]
[Round "16.23"]
[White "Domogaev, Sergey"]
[Black "Kryakvin, Dmitry"]
[Result "0-1"]
[WhiteTitle "GM"]
[BlackTitle "GM"]
[WhiteElo "2408"]
[BlackElo "2583"]
[WhiteFideId "24103608"]
[BlackFideId "4153278"]
[EventDate "2017.10.02"]
[EventType "blitz"]

1. d4 d5 2. c4 c6 3. e3 Nf6 4. Bd3 g6 5. Nf3 Bg7 6. O-O O-O 7. Nc3 b6 8. cxd5
cxd5 9. Bd2 Bb7 10. Qe2 Nc6 11. Ba6 Qc8 12. Bxb7 Qxb7 13. Rac1 Rfc8 14. Rfd1 e6
15. h3 Bf8 16. Be1 Na5 17. Ne5 Nc4 18. f4 Bb4 19. Nb5 Qa6 20. b3 Nxe5 21. fxe5
Bxe1 22. a4 Bh4 23. exf6 Bxf6 24. Qf3 Rxc1 25. Rxc1 Bd8 26. e4 Rc8 27. Rxc8 Qxc8
28. exd5 a6 29. Qxf7+ Kxf7 0-1

[Event "ch-RUS Blitz 2017"]
[Site "Sochi RUS"]
[Date "2017.10.02"]
[Round "16.24"]
[White "Kozak, Alexander"]
[Black "Mnatsakanian, Arsen"]
[Result "1/2-1/2"]
[WhiteTitle "FM"]
[WhiteElo "2315"]
[BlackElo "2200"]
[WhiteFideId "4135881"]
[BlackFideId "24189820"]
[EventDate "2017.10.02"]
[EventType "blitz"]

1. e4 c5 2. c3 e5 3. Nf3 Nc6 4. Bc4 d6 5. O-O Nf6 6. Qe2 Be7 7. a4 O-O 8. Na3
Bg4 9. h3 Bh5 10. d3 d5 11. exd5 Nxd5 12. g4 Bg6 13. Nxe5 Nxe5 14. Qxe5 Nb6 15.
Bf4 Nxc4 16. dxc4 Bf6 17. Qxc5 Be7 18. Qd4 Bxa3 19. Rxa3 Qh4 20. Kh2 Rad8 21.
Qxa7 Rd3 22. Bg3 Qe7 23. Raa1 Qe4 24. Rfd1 Rxd1 25. Rxd1 Qf3 26. Rg1 Re8 27. Qd4
h6 28. Qf4 Qd3 29. c5 Qa6 30. b3 Re2 31. h4 Be4 32. Rd1 Qe6 33. h5 Bc6 34. Rd8+
Kh7 35. Qf5+ Qxf5 36. gxf5 Re1 37. Bd6 Rh1+ 38. Kg3 Rxh5 39. Kf4 Rh4+ 40. Ke3
Rh3+ 41. Bg3 h5 42. Kd2 h4 43. Bc7 Rf3 44. Ke1 Rxc3 45. Rd4 h3 46. Rh4+ Kg8 47.
b4 Bg2 48. Kd2 Ra3 49. b5 g5 50. fxg6 fxg6 51. a5 g5 52. Rg4 Rb3 53. Rxg5+ Kf7
54. c6 bxc6 55. b6 c5 56. a6 c4 57. Rc5 Rxb6 58. Bxb6 h2 59. Rh5 h1=Q 60. Rxh1
Bxh1 61. Kc3 Ke6 62. Kxc4 Kd7 63. Kc5 Kc8 64. Ba7 Bg2 65. f4 Bf1 66. Kb6 Bd3 67.
Ka5 Kc7 68. Bd4 Kb8 69. Kb6 1/2-1/2

[Event "ch-RUS Blitz 2017"]
[Site "Sochi RUS"]
[Date "2017.10.02"]
[Round "16.25"]
[White "Bublei, Pavel"]
[Black "Triapishko, Alexandr"]
[Result "1/2-1/2"]
[WhiteTitle "FM"]
[BlackTitle "IM"]
[WhiteElo "2387"]
[BlackElo "2500"]
[WhiteFideId "24112593"]
[BlackFideId "14122286"]
[EventDate "2017.10.02"]
[EventType "blitz"]

1. d4 d5 2. c4 Nc6 3. Nc3 Nf6 4. Nf3 Bg4 5. cxd5 Nxd5 6. e4 Bxf3 7. gxf3 Nxc3 8.
bxc3 e6 9. Rb1 Bd6 10. Rxb7 O-O 11. Qa4 Nb8 12. Rg1 g6 13. Bh6 Re8 14. Rxa7 Rxa7
15. Qxa7 Bxh2 16. Rh1 Bd6 17. Qa4 c6 18. Be2 Bf8 19. Bf4 Bd6 20. Be3 h5 21. Kf1
Qc7 22. Kg2 Bf4 23. Rb1 Nd7 24. e5 Bxe3 25. fxe3 Qd8 26. f4 Qc7 27. Bf3 Rc8 28.
Qa6 Rb8 29. Rb3 c5 30. Qc6 Qd8 31. Qd6 Rxb3 32. axb3 Qc8 33. Qc6 Qd8 34. Qa8 Nb8
35. Qa3 cxd4 36. cxd4 Qc8 37. Qc5 Qa6 38. Qc2 Qb6 39. Qc4 Kg7 40. b4 Na6 41. b5
Nc7 42. Qc6 Qa5 43. b6 Qd2+ 44. Kg3 Qe1+ 45. Kg2 Qd2+ 46. Kg3 Qe1+ 47. Kg2 Qd2+
48. Kh3 Nd5 49. Bxd5 exd5 50. Qxd5 Qxe3+ 51. Kg2 Qe2+ 52. Kg3 Qe1+ 53. Kg2 Qe2+
54. Kg1 Qe1+ 55. Kg2 Qe2+ 56. Kg3 Qe1+ 57. Kg2 Qe2+ 58. Kg1 1/2-1/2

[Event "ch-RUS Blitz 2017"]
[Site "Sochi RUS"]
[Date "2017.10.02"]
[Round "16.26"]
[White "Murzin, Volodar"]
[Black "Smagin, Sergey"]
[Result "1-0"]
[WhiteTitle "FM"]
[BlackTitle "GM"]
[WhiteElo "2280"]
[BlackElo "2551"]
[WhiteFideId "44155573"]
[BlackFideId "4100425"]
[EventDate "2017.10.02"]
[EventType "blitz"]

1. e4 d5 2. exd5 Nf6 3. Nc3 Nxd5 4. Bc4 Nb6 5. Bb3 Nc6 6. Nf3 e6 7. O-O Be7 8.
d3 O-O 9. a3 a5 10. Bf4 a4 11. Ba2 Ra5 12. Qd2 e5 13. Be3 Kh8 14. h3 f6 15. Rad1
Ra8 16. Rfe1 Nd4 17. Nxd4 exd4 18. Bxd4 Bd6 19. Be3 Bf5 20. Bf4 Bg6 21. Nb5 Nc8
22. Nd4 Re8 23. Rxe8+ Qxe8 24. Re1 Qd7 25. Be6 Bxf4 26. Qxf4 Qd6 27. Qxd6 Nxd6
28. Ba2 Re8 29. Rxe8+ Bxe8 30. Kf1 Bd7 31. Be6 Be8 32. Ke2 g6 33. Kd2 Kg7 34.
Ba2 Bd7 35. Ne6+ Bxe6 36. Bxe6 f5 37. Ke3 Kf6 38. Ba2 c5 39. f4 h6 40. g4 g5 41.
Bd5 b6 42. Bc6 b5 43. Bd7 fxg4 44. hxg4 Ke7 45. Bc6 Kf6 46. c3 Ke7 47. fxg5 hxg5
48. d4 Nc4+ 49. Ke4 Nxb2 50. Bxb5 Kd6 51. Be2 cxd4 52. Kxd4 Ke6 53. c4 1-0

[Event "ch-RUS Blitz 2017"]
[Site "Sochi RUS"]
[Date "2017.10.02"]
[Round "16.27"]
[White "Utnasunov, Alexander"]
[Black "Kezin, Roman"]
[Result "1-0"]
[BlackTitle "FM"]
[WhiteElo "2446"]
[BlackElo "2455"]
[WhiteFideId "4134524"]
[BlackFideId "24124621"]
[EventDate "2017.10.02"]
[EventType "blitz"]

1. d4 Nf6 2. c4 c6 3. Nc3 d5 4. Nf3 e6 5. Bg5 dxc4 6. e4 b5 7. e5 h6 8. Bh4 g5
9. exf6 gxh4 10. Ne5 Qxf6 11. g3 Nd7 12. Qe2 Bb7 13. Bg2 Nxe5 14. dxe5 Qe7 15.
a4 a6 16. axb5 cxb5 17. O-O Bxg2 18. Kxg2 Bg7 19. Qe4 O-O 20. Nxb5 hxg3 21. hxg3
Rab8 22. Nd6 Rxb2 23. Nxc4 Rb4 24. Rxa6 Rc8 25. Rc1 Qc5 26. Ra8 Rxa8 27. Qxa8+
Bf8 28. Qe4 Bg7 29. Qa8+ Bf8 30. Qe4 Ra4 31. Rc2 Bg7 32. f4 Ra1 33. Ne3 Qa5 34.
Rc8+ Bf8 35. Ng4 Qd2+ 36. Kh3 Kg7 37. Nf6 1-0

[Event "ch-RUS Blitz 2017"]
[Site "Sochi RUS"]
[Date "2017.10.02"]
[Round "16.28"]
[White "Tsoi, Dmitry"]
[Black "Lugovskoy, Maxim"]
[Result "1-0"]
[WhiteTitle "FM"]
[BlackTitle "GM"]
[WhiteElo "2361"]
[BlackElo "2474"]
[WhiteFideId "24194697"]
[BlackFideId "24126454"]
[EventDate "2017.10.02"]
[EventType "blitz"]

1. e4 h5 2. d4 h4 3. Nc3 b6 4. Bg5 Bb7 5. Bc4 Qc8 6. Qf3 e6 7. O-O-O Be7 8. Nh3
Nf6 9. d5 a6 10. e5 Ng8 11. Bxe7 Nxe7 12. Ng5 Nf5 13. Nxf7 Rf8 14. Ng5 g6 15.
Qd3 b5 16. Bb3 c5 17. dxc6 Nxc6 18. Rhe1 a5 19. Nxb5 a4 20. Bc4 a3 21. Ne4 axb2+
22. Kb1 Ke7 23. Ned6 Nxd6 24. Qxd6+ Kd8 25. Qxf8# 1-0

[Event "ch-RUS Blitz 2017"]
[Site "Sochi RUS"]
[Date "2017.10.02"]
[Round "17.1"]
[White "Artemiev, Vladislav"]
[Black "Morozevich, Alexander"]
[Result "1-0"]
[WhiteTitle "GM"]
[BlackTitle "GM"]
[WhiteElo "2692"]
[BlackElo "2676"]
[WhiteFideId "24101605"]
[BlackFideId "4116992"]
[EventDate "2017.10.02"]
[EventType "blitz"]

1. Nf3 g6 2. e4 c5 3. Bc4 Bg7 4. O-O Nc6 5. d3 e6 6. c3 Nge7 7. Nbd2 O-O 8. Re1
d5 9. Bb3 b6 10. Nf1 d4 11. c4 e5 12. Ng3 h6 13. Bd2 Be6 14. Ba4 Qd6 15. a3 a5
16. h3 Kh7 17. Rb1 f5 18. exf5 gxf5 19. Nh4 Rf6 20. f4 Rf7 21. Bxc6 Nxc6 22. Qh5
Ne7 23. fxe5 Bxe5 24. Qxh6+ Kg8 25. Nf3 Rh7 26. Qxh7+ Kxh7 27. Rxe5 Rg8 28. Rbe1
Nc6 29. Rxe6 Qxg3 30. Rh6+ Kg7 31. Rxc6 Kf7 32. Ne5+ Ke8 33. Rc8+ Ke7 34. Ng6+
Kf7 35. Re7+ Kf6 36. Rc6+ 1-0

[Event "ch-RUS Blitz 2017"]
[Site "Sochi RUS"]
[Date "2017.10.02"]
[Round "17.3"]
[White "Andreikin, Dmitry"]
[Black "Fedoseev, Vladimir3"]
[Result "1/2-1/2"]
[WhiteTitle "GM"]
[BlackTitle "GM"]
[WhiteElo "2708"]
[BlackElo "2731"]
[WhiteFideId "4158814"]
[BlackFideId "24130737"]
[EventDate "2017.10.02"]
[EventType "blitz"]

1. d4 d5 2. c4 e6 3. Nc3 Bb4 4. cxd5 exd5 5. Bf4 c6 6. e3 Bf5 7. Bd3 Bxd3 8.
Qxd3 Ne7 9. Ne2 Nd7 10. O-O O-O 11. a3 Ba5 12. Rfc1 a6 13. Bg5 h6 14. Bh4 Qe8
15. Bg3 Nf6 16. b4 Bd8 17. a4 Qd7 18. b5 Re8 19. h3 Ba5 20. Rab1 Nh7 21. Rc2 Ng5
22. bxc6 Nxc6 23. Rcb2 b6 24. Nf4 Bxc3 25. Qxc3 Ne4 26. Qd3 Nxg3 27. fxg3 Ne7
28. Rxb6 Qxa4 29. Rb7 Qc6 30. Kh2 a5 31. R1b6 Qc4 32. Qb1 a4 33. Rb4 Qc6 34.
R4b6 Qc8 35. Qb4 a3 36. Rxe7 Rxe7 37. Qxe7 a2 38. Rb7 Qf8 39. Ra7 Qxe7 40. Rxa8+
Kh7 41. Rxa2 Qxe3 42. Nxd5 Qxd4 43. Nf4 g5 44. Nh5 Kg6 45. Ra6+ Kh7 46. Nf6+ Kg7
47. Nh5+ Kh7 48. Nf6+ Kg7 49. Nh5+ Kh7 50. Rf6 Qc4 51. Rf5 Qc7 52. Rf6 Qb7 53.
Rf3 Kg6 54. Rf6+ Kh7 55. Rf3 Qc7 56. Nf6+ Kg6 57. Nd5 Qe5 58. Ne3 h5 59. Nf5
Qxf5 60. Rxf5 Kxf5 61. Kg1 Ke4 62. Kf2 Kd3 63. Kf3 f5 64. h4 g4+ 65. Kf4 Ke2 66.
Kg5 Kf2 67. Kxh5 Kxg2 68. Kg5 Kxg3 69. h5 Kf3 70. h6 g3 71. h7 g2 72. h8=Q g1=Q+
73. Kxf5 Qb1+ 74. Ke6 1/2-1/2

[Event "ch-RUS Blitz 2017"]
[Site "Sochi RUS"]
[Date "2017.10.02"]
[Round "17.4"]
[White "Inarkiev, Ernesto"]
[Black "Savchenko, Boris"]
[Result "0-1"]
[WhiteTitle "GM"]
[BlackTitle "GM"]
[WhiteElo "2694"]
[BlackElo "2581"]
[WhiteFideId "4162722"]
[BlackFideId "4147332"]
[EventDate "2017.10.02"]
[EventType "blitz"]

1. c4 Nf6 2. Nc3 g6 3. e4 e5 4. Nf3 Nc6 5. d4 exd4 6. Nxd4 Bb4 7. Nxc6 bxc6 8.
Bd3 O-O 9. O-O Re8 10. Bg5 Rb8 11. Re1 Be7 12. b3 d6 13. Qd2 Nd7 14. Bxe7 Qxe7
15. f4 Qf6 16. Kh1 Qd4 17. Ne2 Qg7 18. Bc2 Nc5 19. Nc3 a5 20. Rab1 Bb7 21. Re3
Ba6 22. a3 Rb7 23. g3 Rbb8 24. Ne2 a4 25. b4 Nb3 26. Qd3 d5 27. exd5 cxd5 28. b5
dxc4 29. Rxe8+ Rxe8 30. Qf3 Bxb5 31. Rd1 Qf6 32. Nc3 Bc6 33. Be4 Rxe4 34. Nxe4
Qe7 0-1